000 00553nam a22001697a 4500
008 120912t xxu||||| |||| 00| 0 eng d
020 _a9-7818-4661-2800
082 _218 ed.
_a347.01 CIV
245 _aCivil Court service 2011
260 _aBristol :
_bJordan publishing ltd.
_c2011
300 _acxv. ; 321 4 p. :
_c24 cm.
_eCD
500 _aIncludes Index
650 _2 Civil procedure -- England -- Handbooks, manuals, etc
650 _2 Civil procedure -- Wales -- Handbooks, manuals, etc ;
650 _2Civil court service
942 _2ddc
_cBK
999 _c5167
_d5167